[Event "Weekend Accademia Inverno"]
[Site "Roma ITA"]
[Date "2010.02.12"]
[Round "1"]
[White "Sacco, Davide"]
[Black "Prudenzano, Ruggero"]
[Result "0-1"]
[WhiteElo "1467"]
[BlackElo "1927"]
[PlyCount "66"]
[EventDate "2010.02.12"]

1. e4 c5 2. Nf3 Nf6 3. Nc3 d5 4. exd5 Nxd5 5. Bb5+ Bd7 6. Bxd7+ Qxd7 7. O-O Nc6
8. d4 Nxc3 9. bxc3 e6 10. Bf4 Rd8 11. Be3 Qc7 12. Qe2 Be7 13. Rab1 O-O 14. Rfd1
Bf6 15. g3 Ne7 16. Bf4 Qc8 17. Be5 Nd5 18. Qd3 cxd4 19. c4 Nc3 20. Bxf6 gxf6
21. Nd2 Nxd1 22. Rxd1 e5 23. Re1 Rfe8 24. Re4 f5 25. Rh4 e4 26. Qe2 Qe6 27. Qh5
Qg6 28. Kf1 Qxh5 29. Rxh5 e3 30. Nf3 e2+ 31. Ke1 d3 32. cxd3 Rxd3 33. Nd2 Rxd2
0-1

[Event "Weekend Accademia Inverno"]
[Site "Roma ITA"]
[Date "2010.02.13"]
[Round "2"]
[White "Angelastro, Ariel Francisc"]
[Black "Antonetti, Mattia"]
[Result "0-1"]
[WhiteElo "1419"]
[BlackElo "1622"]
[PlyCount "102"]
[EventDate "2010.02.12"]

1. d4 d5 2. c4 c6 3. Nc3 Nf6 4. e3 e6 5. Nf3 Be7 6. Bd3 dxc4 7. Bxc4 Nbd7 8.
O-O Nd5 9. e4 N5b6 10. Bb3 O-O 11. Bf4 Re8 12. Rc1 Nf8 13. Re1 Bd7 14. Na4 Nxa4
15. Bxa4 Rc8 16. Ne5 Bg5 17. Nxf7 Qf6 18. Bxg5 Qxf7 19. e5 Qf5 20. Be3 Ng6 21.
Bc2 Qf7 22. Qg4 Ne7 23. Bd2 Rf8 24. f3 Nd5 25. Qh3 g6 26. Bh6 Rfe8 27. Be4 Rc7
28. Qh4 Ne7 29. Qf6 Qxf6 30. exf6 Nd5 31. Bxd5 exd5 32. Re7 Rxe7 33. fxe7 Be8
34. Re1 Kf7 35. Bg5 Kg7 36. Re6 Rd7 37. f4 Kf7 38. Rf6+ Kg7 39. Re6 h6 40. Bh4
Kf7 41. Re5 Rd6 42. g4 a5 43. Kf2 Re6 44. f5 Rxe5 45. dxe5 g5 46. e6+ Kxe7 47.
Bg3 Kf6 48. Ke3 c5 49. h4 h5 50. hxg5+ Kxg5 51. Kf3 hxg4+ 0-1

[Event "Weekend Accademia Inverno"]
[Site "Roma ITA"]
[Date "2010.02.13"]
[Round "2"]
[White "Battistelli, Alessandro"]
[Black "Corvi, Marco"]
[Result "0-1"]
[WhiteElo "1923"]
[BlackElo "2279"]
[PlyCount "70"]
[EventDate "2010.02.12"]

1. d4 f5 2. c4 Nf6 3. Nf3 d6 4. Nc3 e6 5. e3 Be7 6. Be2 Ne4 7. Qc2 Nxc3 8. Qxc3
O-O 9. O-O Bf6 10. Rd1 Qe7 11. Qb3 e5 12. Bf1 e4 13. Ne1 c5 14. Nc2 Nc6 15. g3
b6 16. a4 Bd7 17. Qa3 a5 18. Qc3 g5 19. Bh3 f4 20. Bxd7 Qxd7 21. exf4 cxd4 22.
Qb3 d3 23. fxg5 dxc2 24. c5+ Qf7 25. Qxf7+ Rxf7 26. Rxd6 Nd4 27. Be3 Nf3+ 28.
Kg2 Bxb2 29. g6 Bxa1 30. gxf7+ Kxf7 31. cxb6 Bd4 32. Bf4 Be5 33. Rc6 Bxf4 34.
gxf4 Rb8 35. Kg3 Nd4 0-1

[Event "Weekend Accademia Inverno"]
[Site "Roma ITA"]
[Date "2010.02.13"]
[Round "2"]
[White "Bonaposta, Fabrizio"]
[Black "Proietti, Giorgio"]
[Result "1-0"]
[WhiteElo "2047"]
[BlackElo "1910"]
[PlyCount "229"]
[EventDate "2010.02.12"]

1. e4 e6 2. d4 d5 3. Nd2 dxe4 4. Nxe4 Nd7 5. Nf3 Ngf6 6. Bd3 Nxe4 7. Bxe4 Nf6
8. Bd3 c5 9. O-O cxd4 10. Nxd4 Be7 11. c3 O-O 12. Qe2 Qd5 13. Rd1 Qh5 14. Bf4
Qxe2 15. Bxe2 a6 16. Bf3 Ra7 17. Bb8 Ra8 18. Bg3 g5 19. h3 h5 20. Be5 Nd7 21.
Bh2 Nf6 22. g4 hxg4 23. hxg4 Kg7 24. Be5 Kg6 25. Nb3 Rd8 26. Na5 Rxd1+ 27. Rxd1
Ra7 28. Bd4 Ra8 29. Kg2 e5 30. Bxe5 Bxg4 31. Bxb7 Bxd1 32. Bxa8 Nd7 33. Bd4 Bc5
34. Bxc5 Nxc5 35. b4 Ne6 36. c4 Nc7 37. Bb7 Be2 38. a4 f5 39. b5 axb5 40. axb5
Nxb5 41. cxb5 Bxb5 42. Nc6 Kf6 43. Nd4 Bd3 44. Kf3 Bb1 45. Ke3 Ke5 46. Nf3+ Kf6
47. Kd4 Bc2 48. Ne5 Bb1 49. Ba6 Bc2 50. Bd3 Ba4 51. Nc4 Bb3 52. Nd6 Be6 53.
Ne8+ Ke7 54. Ng7 Bc8 55. Nxf5+ Kf6 56. Nd6 Bh3 57. Ne4+ Kf5 58. Ke3 Kg4 59. Ng3
Kh4 60. Nf5+ Kh5 61. Kf3 Bg4+ 62. Kg3 Bd1 63. Ne3 Ba4 64. Bc4 Bd7 65. Nd5 Bc8
66. Bd3 Be6 67. Be4 Bc8 68. Ne7 Bd7 69. Bf5 Ba4 70. Bg4+ Kh6 71. Nd5 Kg6 72.
Nc3 Bc6 73. Bf3 Bd7 74. Nd5 Be6 75. Be4+ Kh6 76. Ne7 Kh5 77. Bd5 Bd7 78. Ng8
Kg6 79. Be4+ Kg7 80. Ne7 Kh6 81. Nf5+ Kh5 82. Bf3+ Kg6 83. Ne7+ Kf6 84. Nd5+
Kg7 85. Bg4 Ba4 86. Bf5 Bb3 87. Nc3 Kh6 88. Kg4 Bc4 89. Bc8 Kg6 90. Bf5+ Kh6
91. Bd7 Bd3 92. Be8 Bc2 93. Nd5 Bd3 94. Ne7 Be2+ 95. Kf5 Bd3+ 96. Kf6 g4 97.
Nf5+ Kh7 98. Bg6+ Kh8 99. Kg5 Be2 100. Ne3 g3 101. fxg3 Kg7 102. Nf5+ Kf8 103.
Kf6 Kg8 104. Ne7+ Kf8 105. Nd5 Bf3 106. Nf4 Bd1 107. Bh5 Bc2 108. g4 Kg8 109.
g5 Bb1 110. Bg6 Ba2 111. Bf5 Bb3 112. Be6+ Bxe6 113. Nxe6 Kh7 114. g6+ Kh8 115.
g7+ 1-0

[Event "Weekend Accademia Inverno"]
[Site "Roma ITA"]
[Date "2010.02.13"]
[Round "2"]
[White "D'Auria, Giuseppe"]
[Black "Milani, Patrizia"]
[Result "1/2-1/2"]
[WhiteElo "1525"]
[BlackElo "1407"]
[PlyCount "83"]
[EventDate "2010.02.12"]

1. d4 d5 2. c4 Nf6 3. Nc3 c6 4. e3 g6 5. b4 dxc4 6. Bxc4 b5 7. Bb3 e6 8. a3 Bg7
9. Nge2 O-O 10. Bb2 Nbd7 11. a4 Ba6 12. axb5 Bxb5 13. Ra5 Qb6 14. Nxb5 cxb5 15.
O-O Nd5 16. Bxd5 exd5 17. Qb3 Nf6 18. Rc1 Rfd8 19. Rc5 a6 20. Nf4 Qb7 21. Nd3
Bf8 22. Rc2 Qb8 23. Nc5 Rd6 24. Qa3 Qa7 25. Bc3 Be7 26. Ra2 Qc7 27. Nxa6 Raxa6
28. Rxa6 Rxa6 29. Qxa6 Qxc3 30. Qxb5 Qxb4 31. Ra8+ Kg7 32. Qxb4 Bxb4 33. f3 Bc3
34. Rc8 Bb4 35. Kf2 h5 36. Ke2 Bd6 37. h3 h4 38. e4 dxe4 39. Rd8 exf3+ 40. Kxf3
Bc7 41. Rc8 Bg3 42. Rd8 1/2-1/2

[Event "Weekend Accademia Inverno"]
[Site "Roma ITA"]
[Date "2010.02.13"]
[Round "2"]
[White "De Santis, Emilio"]
[Black "Pecorari, Marcello"]
[Result "0-1"]
[WhiteElo "1897"]
[BlackElo "2054"]
[PlyCount "94"]
[EventDate "2010.02.12"]

1. d4 Nf6 2. Nf3 d5 3. e3 e6 4. Bd3 c5 5. c3 Nc6 6. Nbd2 Be7 7. O-O O-O 8. dxc5
Bxc5 9. Qc2 Qb6 10. h3 e5 11. e4 Be6 12. Ng5 h6 13. Nxe6 fxe6 14. Nf3 Rac8 15.
Qe2 d4 16. Bd2 Rcd8 17. Rab1 dxc3 18. Bxc3 Nd4 19. Nxd4 Bxd4 20. Bxd4 Rxd4 21.
Rbd1 Rfd8 22. b3 Qd6 23. Bc2 Qb4 24. Bb1 Rd2 25. Rxd2 Rxd2 26. Qe3 Qd4 27. Qe1
Nh5 28. Qc1 Nf4 29. Qc4 Qxc4 30. bxc4 Ne2+ 31. Kh2 Nc3 32. a3 Rb2 33. Bd3 Ra2
34. f3 Rxa3 35. Rf2 Kf7 36. Rd2 Ke7 37. Bf1 b6 38. g3 Ra2 39. Rxa2 Nxa2 40. Kg2
Kd6 41. Kf2 Kc5 42. Ke3 a5 43. Kd3 a4 44. Kc2 Kb4 45. Kb2 Nc3 46. Bd3 a3+ 47.
Ka1 Kc5 0-1

[Event "Weekend Accademia Inverno"]
[Site "Roma ITA"]
[Date "2010.02.13"]
[Round "2"]
[White "Di Carlo, Adriano"]
[Black "Melissa, Raffaello"]
[Result "0-1"]
[WhiteElo "1383"]
[BlackElo "1613"]
[PlyCount "68"]
[EventDate "2010.02.12"]

1. e4 e5 2. f4 d5 3. exd5 e4 4. Nc3 Nf6 5. Bc4 Bc5 6. h3 O-O 7. Nge2 c6 8. d4
exd3 9. Qxd3 Qb6 10. Qf3 Re8 11. b3 Bf5 12. Na4 Qa5+ 13. Bd2 Bb4 14. c3 Bd6 15.
O-O b5 16. Nd4 Be4 17. Nxc6 Nxc6 18. Qd1 Ne7 19. b4 Qxa4 20. Qxa4 bxa4 21. Bb5
Reb8 22. Bxa4 Bxd5 23. a3 Rd8 24. Rad1 Bc4 25. Rfe1 Ng6 26. f5 Ne5 27. Bg5 Nd3
28. Bxf6 gxf6 29. Bc6 Rab8 30. Re4 Ne5 31. Red4 Bc7 32. Ba4 Bb6 33. Rc1 Bxd4+
34. cxd4 Rxd4 0-1

[Event "Weekend Accademia Inverno"]
[Site "Roma ITA"]
[Date "2010.02.13"]
[Round "2"]
[White "Guiducci, Antonio"]
[Black "Pipitone, Filippo Massimo"]
[Result "1-0"]
[WhiteElo "1335"]
[BlackElo "1501"]
[PlyCount "80"]
[EventDate "2010.02.12"]

1. e4 c5 2. b4 cxb4 3. a3 Nc6 4. d4 d5 5. e5 Qb6 6. Nf3 e6 7. Be2 Nge7 8. O-O
Nf5 9. Bb2 bxa3 10. Bc3 Be7 11. Nxa3 a6 12. Qd2 O-O 13. Rfb1 Qd8 14. Bb2 Bd7
15. c4 f6 16. cxd5 exd5 17. Nc2 fxe5 18. dxe5 Be6 19. Re1 Rc8 20. Bd1 Nh6 21.
Ncd4 Nxd4 22. Qxd4 Bc5 23. Qd3 Nf5 24. Ba3 h6 25. Bxc5 Rxc5 26. Bb3 Kh8 27.
Rad1 Qd7 28. Bc2 g5 29. h3 Rf7 30. g4 Ne7 31. Bb1 Bxg4 32. Qd4 Be6 33. Qxc5
Rxf3 34. Be4 Rxh3 35. Re3 Rxe3 36. Qxe3 Bg8 37. Qf3 Qe6 38. Bc2 Qxe5 39. Qf8
Qg7 40. Qd8 Qf8 1-0

[Event "Weekend Accademia Inverno"]
[Site "Roma ITA"]
[Date "2010.02.13"]
[Round "2"]
[White "Ingravallo, Onofrio"]
[Black "Failli, Riccardo"]
[Result "0-1"]
[WhiteElo "1812"]
[BlackElo "2040"]
[PlyCount "102"]
[EventDate "2010.02.12"]

1. d4 f5 2. c4 Nf6 3. g3 g6 4. Nc3 Bg7 5. Bg2 O-O 6. Nf3 d6 7. O-O Qe8 8. d5
Na6 9. Nd4 Bd7 10. b3 c6 11. Bb2 Nc7 12. Qd2 c5 13. Ne6 Nxe6 14. dxe6 Bxe6 15.
Bxb7 Rb8 16. Bg2 Qd7 17. Nd5 Nxd5 18. Bxg7 Kxg7 19. Bxd5 Bxd5 20. Qxd5 Qb7 21.
Rfd1 Rf6 22. Qd2 f4 23. Qd5 Qc8 24. Kg2 Rf5 25. Qe4 Re5 26. Qxf4 Qe6 27. Re1
Rxe2 28. Rxe2 Qxe2 29. Qf3 Qxf3+ 30. Kxf3 a5 31. Ke4 Kf6 32. f4 a4 33. Rb1 e6
34. h3 Rb4 35. Kf3 d5 36. cxd5 exd5 37. Rd1 axb3 38. axb3 Rxb3+ 39. Kf2 Ke6 40.
Rd2 d4 41. Re2+ Kd5 42. Re5+ Kd6 43. Re8 c4 44. Rd8+ Kc5 45. Rc8+ Kd5 46. Rd8+
Ke4 47. Re8+ Kd3 48. g4 c3 49. f5 gxf5 50. gxf5 c2 51. f6 c1=Q 0-1

[Event "Weekend Accademia Inverno"]
[Site "Roma ITA"]
[Date "2010.02.13"]
[Round "2"]
[White "Lami, Damiano"]
[Black "Pica, Livia"]
[Result "1-0"]
[WhiteElo "1479"]
[BlackElo "1379"]
[PlyCount "175"]
[EventDate "2010.02.12"]

1. e4 e5 2. Nf3 Nc6 3. Bb5 Nf6 4. O-O d6 5. Re1 Be7 6. d4 Bd7 7. d5 Nb8 8.
Bxd7+ Nbxd7 9. c4 O-O 10. Nc3 Re8 11. h3 Nf8 12. Be3 Ng6 13. Qc2 Nh5 14. Ne2
Qd7 15. Ng3 Nhf4 16. Bxf4 Nxf4 17. Ne2 Ng6 18. Kh2 Nh4 19. Nxh4 Bxh4 20. g3 Bg5
21. Rg1 Bh6 22. Qd3 Qe7 23. Qf3 Rf8 24. g4 Bg5 25. Ng3 Bf4 26. Kg2 g6 27. Rh1
Qh4 28. Ne2 Bh6 29. Qg3 Qg5 30. Rad1 Bg7 31. h4 Qe7 32. h5 Bf6 33. Rh3 Kg7 34.
Rdh1 g5 35. h6+ Kh8 36. Qf3 Qd8 37. Ng3 Be7 38. Nh5 f6 39. Qf5 Rf7 40. Ng7 Qg8
41. Ne6 c6 42. Rb3 Bd8 43. Rh5 cxd5 44. cxd5 Rc8 45. Rf3 Be7 46. Rxg5 fxg5 47.
Qxf7 Qxf7 48. Rxf7 Re8 49. Ng7 Kg8 50. Rf3 Rc8 51. Rc3 Rc5 52. Rxc5 dxc5 53.
Nf5 Kf7 54. d6 Bd8 55. b3 Ke6 56. Kf3 b5 57. Ke3 a5 58. a4 c4 59. axb5 cxb3 60.
Kd3 a4 61. Kc3 Ba5+ 62. Kb2 Bb4 63. Ne3 Bxd6 64. Nc4 Bc5 65. f3 Bd4+ 66. Ka3
Kd7 67. Nd2 Kc7 68. Kxa4 b2 69. Kb3 Kb6 70. Nc4+ Kxb5 71. Nxb2 Bxb2 72. Kxb2
Kc5 73. Kc3 Kd6 74. Kb4 Ke6 75. Kc5 Ke7 76. Kd5 Kf6 77. Kd6 Kg6 78. Kxe5 Kxh6
79. Kf5 Kg7 80. Kxg5 h6+ 81. Kh5 Kh7 82. e5 Kg7 83. e6 Kf6 84. Kxh6 Kxe6 85. g5
Kf7 86. g6+ Kg8 87. g7 Kf7 88. Kh7 1-0

[Event "Weekend Accademia Inverno"]
[Site "Roma ITA"]
[Date "2010.02.13"]
[Round "2"]
[White "Maddaloni, Giovanni"]
[Black "Bolla, Vittorio"]
[Result "0-1"]
[WhiteElo "1767"]
[BlackElo "1786"]
[PlyCount "106"]
[EventDate "2010.02.12"]

1. e4 d5 2. exd5 Nf6 3. d4 Nxd5 4. Nf3 g6 5. Be2 Bg7 6. c4 Nb6 7. O-O Bg4 8.
Nbd2 O-O 9. h3 Bxf3 10. Nxf3 Nc6 11. Be3 e5 12. d5 Ne7 13. Qd2 Nf5 14. Rfd1
Nxe3 15. Qxe3 Re8 16. Rab1 Qe7 17. b4 Rad8 18. Qb3 e4 19. Nd4 Bxd4 20. Rxd4 c5
21. Rd2 Nc8 22. bxc5 Qxc5 23. Qe3 Qxe3 24. fxe3 b6 25. c5 bxc5 26. Rb7 Nd6 27.
Rxa7 Rc8 28. Ba6 Ra8 29. Rxa8 Rxa8 30. Be2 Ra3 31. Kf2 Kf8 32. g4 Ke7 33. Rc2
Kf6 34. Rxc5 Rxa2 35. h4 Ke5 36. h5 Rd2 37. hxg6 hxg6 38. Ke1 Rxd5 39. Rxd5+
Kxd5 40. Ba6 f6 41. Be2 Nc8 42. Bb5 Ne7 43. Kf2 g5 44. Bd7 Kd6 45. Bb5 Kc5 46.
Bd7 Nd5 47. Bf5 Nc3 48. Bc8 Kb4 49. Bf5 Kc4 50. Bh7 Kd3 51. Bf5 Nd1+ 52. Ke1
Nxe3 53. Bd7 Nc4 0-1

[Event "Weekend Accademia Inverno"]
[Site "Roma ITA"]
[Date "2010.02.13"]
[Round "2"]
[White "Maurizio, Antonio"]
[Black "Musmarra, Giovanni"]
[Result "1-0"]
[WhiteElo "1449"]
[BlackElo "1735"]
[PlyCount "95"]
[EventDate "2010.02.12"]

1. Nf3 Nf6 2. c4 e6 3. Nc3 d5 4. d4 Be7 5. Bg5 O-O 6. e3 Nbd7 7. Rc1 c6 8. Bd3
dxc4 9. Bxc4 Nd5 10. Bxe7 Qxe7 11. Ne4 N5f6 12. Nxf6+ Qxf6 13. O-O e5 14. dxe5
Nxe5 15. Nxe5 Qxe5 16. Qb3 b6 17. Rfd1 Qe7 18. Rd2 b5 19. Be2 Be6 20. Qc2 Bd5
21. Bd3 Qg5 22. Bxh7+ Kh8 23. Be4 Bxa2 24. b3 f5 25. Bf3 f4 26. e4 Rf6 27. Qxa2
Rh6 28. Rdc2 Qh4 29. h3 Qg5 30. Rc5 Qg6 31. Kf1 Qd6 32. Qc2 Rc8 33. e5 Qd4 34.
Qc3 Qd8 35. Rd1 Qg5 36. Rd6 Rh4 37. Rdxc6 Rd8 38. Rc8 Kh7 39. Qc2+ g6 40. Rxd8
Qxd8 41. Rc7+ Kh6 42. e6 Qd4 43. e7 Qe5 44. Rc6 Qa1+ 45. Qc1 Qe5 46. Qc2 Qa1+
47. Bd1 Qg7 48. e8=Q 1-0

[Event "Weekend Accademia Inverno"]
[Site "Roma ITA"]
[Date "2010.02.13"]
[Round "2"]
[White "Ottaviani, Gianluca"]
[Black "Quimi, Marco"]
[Result "0-1"]
[WhiteElo "1914"]
[BlackElo "2147"]
[PlyCount "78"]
[EventDate "2010.02.12"]

1. e4 g6 2. d4 Bg7 3. Nf3 d6 4. Nc3 Nf6 5. Be2 O-O 6. O-O Bg4 7. h3 Bxf3 8.
Bxf3 e5 9. d5 Nbd7 10. Be3 Kh8 11. Qd3 a6 12. a4 Ng8 13. g4 Qh4 14. Kg2 f5 15.
gxf5 gxf5 16. exf5 Nh6 17. Be4 Nf6 18. Rh1 Nxe4 19. Nxe4 Nxf5 20. Rag1 Nxe3+
21. fxe3 Bh6 22. Kh2 Rf3 23. Rg3 Bf4 24. exf4 Rxd3 25. cxd3 Qxf4 26. Kg2 Rg8
27. Rxg8+ Kxg8 28. Rf1 Qe3 29. Rf3 Qe2+ 30. Rf2 Qxd3 31. Nf6+ Kg7 32. Ne8+ Kg6
33. Rf6+ Kg5 34. h4+ Kg4 35. Ng7 Qxd5+ 36. Kf1 e4 37. Ne6 Qd1+ 38. Kf2 Qd2+ 39.
Kf1 Kg3 0-1

[Event "Weekend Accademia Inverno"]
[Site "Roma ITA"]
[Date "2010.02.13"]
[Round "2"]
[White "Pescatore, Lorenzo"]
[Black "Chiaretti, Roberto"]
[Result "0-1"]
[WhiteElo "1917"]
[BlackElo "2172"]
[PlyCount "108"]
[EventDate "2010.02.12"]

1. e4 c5 2. Nc3 a6 3. f4 e6 4. Nf3 d5 5. d3 Nc6 6. g3 dxe4 7. Nxe4 Nf6 8. Bg2
Nxe4 9. dxe4 Qxd1+ 10. Kxd1 b6 11. Be3 Bb7 12. c3 Be7 13. Kc2 O-O-O 14. Rad1
Kc7 15. Rxd8 Rxd8 16. Rd1 Rxd1 17. Kxd1 Nb8 18. e5 c4 19. Ne1 Bxg2 20. Nxg2 b5
21. Ne1 Nd7 22. Nf3 Kc6 23. Nd2 Kd5 24. Ke2 Bc5 25. Nf3 h6 26. Nd4 Ke4 27. Bf2
Bxd4 28. Bxd4 g5 29. fxg5 hxg5 30. h4 gxh4 31. gxh4 Kf4 32. h5 Kg5 33. Kf3 Kxh5
34. Kf4 Nf8 35. Be3 Ng6+ 36. Ke4 Kg4 37. Bh6 Ne7 38. b3 Nf5 39. Bf4 Ng3+ 40.
Ke3 Ne2 41. Bh6 cxb3 42. axb3 Nxc3 43. Kd4 Nd5 44. Ke4 a5 45. Bf8 a4 46. bxa4
bxa4 47. Ba3 Kg3 48. Kd4 Kf4 49. Bc1+ Kf5 50. Bb2 Nb4 51. Kc3 Nc6 52. Kc4 Nxe5+
53. Kb4 Nd3+ 54. Kc3 Nxb2 0-1

[Event "Weekend Accademia Inverno"]
[Site "Roma ITA"]
[Date "2010.02.13"]
[Round "2"]
[White "Petragnani, Alessandro"]
[Black "Sacco, Davide"]
[Result "1-0"]
[WhiteElo "1732"]
[BlackElo "1467"]
[PlyCount "110"]
[EventDate "2010.02.12"]

1. c4 Nf6 2. g3 e6 3. Bg2 d5 4. cxd5 exd5 5. Nf3 Be7 6. O-O O-O 7. d3 c6 8. a3
h6 9. Nbd2 Re8 10. b4 Bf8 11. e3 Bg4 12. Qc2 Qd7 13. Bb2 Bh3 14. Bxf6 gxf6 15.
Rfc1 Bxg2 16. Kxg2 Na6 17. d4 Nc7 18. Nh4 Nb5 19. Qf5 Qxf5 20. Nxf5 a5 21. a4
Nd6 22. Nxd6 Bxd6 23. bxa5 Rxa5 24. Rcb1 b5 25. axb5 Rxa1 26. Rxa1 cxb5 27. Ra6
Rd8 28. Rb6 b4 29. Nb3 Kf8 30. Na5 Rd7 31. Nc6 Kg7 32. Nxb4 Bxb4 33. Rxb4 Rd6
34. Kf3 f5 35. Kf4 Kf6 36. Rb8 Ra6 37. f3 Kg6 38. Rd8 Ra5 39. Rg8+ Kh7 40. Re8
Kg6 41. Re5 f6 42. Rxf5 h5 43. g4 hxg4 44. fxg4 Ra2 45. Kg3 Re2 46. Rf3 Re1 47.
h4 Rg1+ 48. Kf4 Kh6 49. Kf5 Kg7 50. Rf4 Rg3 51. e4 dxe4 52. Rxe4 Rf3+ 53. Ke6
Kg6 54. d5 Rd3 55. d6 Rd5 1-0

[Event "Weekend Accademia Inverno"]
[Site "Roma ITA"]
[Date "2010.02.13"]
[Round "2"]
[White "Prudenzano, Ruggero"]
[Black "Napoli, Nicolo'"]
[Result "0-1"]
[WhiteElo "1927"]
[BlackElo "2378"]
[PlyCount "158"]
[EventDate "2010.02.12"]

1. Nf3 Nf6 2. c4 d5 3. e3 g6 4. Nc3 Bg7 5. b3 Bg4 6. Be2 dxc4 7. bxc4 Ne4 8.
Qb3 Nxc3 9. dxc3 O-O 10. O-O Nd7 11. Rd1 Qc8 12. Ba3 Re8 13. h3 Bf5 14. Nd4 Be4
15. Bf3 Bxf3 16. Nxf3 e5 17. c5 e4 18. Nd4 Ne5 19. Rab1 b6 20. Qd5 c6 21. Qb3
b5 22. Bc1 Bf8 23. a4 a6 24. Ba3 Nc4 25. Bb4 Re5 26. Ra1 Rg5 27. Kf1 Rb8 28.
axb5 axb5 29. Qa2 Qc7 30. Kg1 Ne5 31. Qe2 Qc8 32. f4 exf3 33. Nxf3 Nxf3+ 34.
Qxf3 Bxc5 35. Bxc5 Rxc5 36. Ra7 Qe6 37. Rd6 Qf5 38. Qxf5 Rxf5 39. Rxc6 Re8 40.
Ra2 Rxe3 41. Rb2 h5 42. c4 bxc4 43. Rxc4 Re1+ 44. Kh2 Kg7 45. g4 Rfe5 46. gxh5
Rxh5 47. Rc3 Rf5 48. Rbc2 Kh6 49. Kg2 Rg5+ 50. Rg3 Rxg3+ 51. Kxg3 Re3+ 52. Kg2
Kg5 53. Rf2 f5 54. Rf1 Re4 55. Kg3 f4+ 56. Kf3 Re3+ 57. Kg2 Re2+ 58. Kh1 Re3
59. Kg2 Rg3+ 60. Kh2 Kf5 61. Rb1 Re3 62. Rb8 Ke4 63. Rg8 Rg3 64. h4 Kf5 65. h5
g5 66. h6 Rg4 67. Rf8+ Kg6 68. Rg8+ Kxh6 69. Kh3 Rg3+ 70. Kh2 Kh5 71. Rg7 Kg4
72. Rg8 Ra3 73. Rg7 Ra2+ 74. Kg1 f3 75. Kf1 Kf4 76. Rf7+ Kg3 77. Ke1 f2+ 78.
Kf1 Ra1+ 79. Ke2 Re1+ 0-1

[Event "Weekend Accademia Inverno"]
[Site "Roma ITA"]
[Date "2010.02.13"]
[Round "2"]
[White "Shytaj, Carlo"]
[Black "Biondi, Massimo"]
[Result "1-0"]
[WhiteElo "2237"]
[BlackElo "1924"]
[PlyCount "105"]
[EventDate "2010.02.12"]

1. e4 c5 2. b3 d6 3. Bb2 Nc6 4. Ne2 Nf6 5. Nbc3 e6 6. g3 Be7 7. Bg2 a6 8. O-O
e5 9. f4 h5 10. h3 Be6 11. f5 Bd7 12. Nd5 b5 13. c3 c4 14. d4 cxd3 15. Qxd3
Nxd5 16. exd5 Na5 17. Rae1 Bf6 18. Bc1 Rc8 19. Nf4 Qc7 20. Bd2 Kf8 21. Ne2 Qd8
22. Qe3 Qc7 23. Nc1 Nb7 24. Nd3 a5 25. Rc1 Nc5 26. c4 bxc4 27. Nxc5 Qxc5 28.
Qxc5 Rxc5 29. Be3 Rc8 30. bxc4 Be7 31. Be4 f6 32. Rfd1 g6 33. fxg6 Bxh3 34. c5
Kg7 35. cxd6 Bxd6 36. Rc6 Rhd8 37. Rdc1 Rxc6 38. dxc6 Bc7 39. Rb1 Bc8 40. Bb6
Bxb6+ 41. Rxb6 Rd4 42. Bf3 Rb4 43. Rxb4 axb4 44. Bxh5 f5 45. Kf2 Kf6 46. Ke3
Ke7 47. g7 Be6 48. Bg6 f4+ 49. gxf4 exf4+ 50. Kxf4 Kd6 51. Bb1 Kxc6 52. Ke5 Kd7
53. Bf5 1-0

[Event "Weekend Accademia Inverno"]
[Site "Roma ITA"]
[Date "2010.02.13"]
[Round "2"]
[White "Squicciarini, Simone"]
[Black "Granitto, Francesco"]
[Result "1/2-1/2"]
[WhiteElo "1614"]
[BlackElo "1425"]
[PlyCount "68"]
[EventDate "2010.02.12"]

1. d4 Nf6 2. Nf3 e6 3. g3 d5 4. Bg2 Be7 5. O-O O-O 6. Nbd2 Nc6 7. c3 Qd6 8. Qc2
e5 9. dxe5 Nxe5 10. Nxe5 Qxe5 11. Nf3 Qh5 12. Bg5 c6 13. Bxf6 Bxf6 14. Nd4 Re8
15. Bf3 Bg4 16. Rfe1 Bxd4 17. cxd4 Bxf3 18. exf3 Qxf3 19. Qc5 h6 20. Re7 Kh7
21. Rae1 Rxe7 22. Qxe7 g5 23. Qxb7 Rg8 24. Qxc6 h5 25. Qc2+ Kh6 26. Re5 h4 27.
Rf5 Qh5 28. Rxd5 h3 29. Rd6+ Rg6 30. Rxg6+ fxg6 31. d5 Qf3 32. Kf1 Qxd5 33. Qb3
Qg2+ 34. Ke2 34... Qxh2 {...} 1/2-1/2

[Event "Weekend Accademia Inverno"]
[Site "Roma ITA"]
[Date "2010.02.13"]
[Round "2"]
[White "Stoyko, Maksym"]
[Black "Mircoli, Gianluca"]
[Result "1-0"]
[WhiteElo "2152"]
[BlackElo "1923"]
[PlyCount "73"]
[EventDate "2010.02.12"]

1. d4 d5 2. c4 c6 3. Nf3 Nf6 4. e3 Bg4 5. Nc3 e6 6. h3 Bh5 7. g4 Bg6 8. Ne5
Nbd7 9. h4 dxc4 10. Nxg6 hxg6 11. Bxc4 Nb6 12. Be2 Nfd5 13. g5 Nxc3 14. bxc3
Be7 15. e4 c5 16. Rb1 cxd4 17. cxd4 Qc7 18. Be3 Nd7 19. Qb3 Qa5+ 20. Kf1 Qb6
21. Qc2 Qc6 22. Qxc6 bxc6 23. Rc1 Rc8 24. Ba6 Rc7 25. Kg2 c5 26. Bf4 Rc6 27.
Bb5 Rc8 28. dxc5 Rxc5 29. Rxc5 Bxc5 30. Rc1 Bb6 31. Rc8+ Bd8 32. Bd6 f6 33. Kg3
fxg5 34. hxg5 Rh5 35. f4 Rh8 36. e5 Rg8 37. Ra8 1-0

[Event "Weekend Accademia Inverno"]
[Site "Roma ITA"]
[Date "2010.02.13"]
[Round "2"]
[White "Trebeschi, Andrea"]
[Black "Di Tucci, Benedetto"]
[Result "1-0"]
[WhiteElo "2039"]
[BlackElo "1826"]
[PlyCount "107"]
[EventDate "2010.02.12"]

1. e4 e6 2. d3 d5 3. Nd2 c5 4. Ngf3 Nc6 5. g3 Bd6 6. Bg2 Nge7 7. O-O O-O 8. Re1
Qc7 9. c3 Bd7 10. Qe2 f6 11. Nb3 e5 12. exd5 Nxd5 13. Nxe5 Nxc3 14. bxc3 Bxe5
15. d4 cxd4 16. Qc4+ Kh8 17. cxd4 Bd6 18. Bd2 Rac8 19. Rac1 Qd8 20. Nc5 Bxc5
21. Qxc5 Re8 22. Qd6 Rxe1+ 23. Rxe1 Bg4 24. Qxd8+ Rxd8 25. Bc3 Bc8 26. f4 Kg8
27. d5 Nb8 28. Re7 Bd7 29. Kf2 b6 30. Ke3 a5 31. Bd4 Kf8 32. Re4 Bf5 33. Bxb6
Bxe4 34. Bxe4 Re8 35. Kd4 g6 36. Bxa5 f5 37. Bd3 Nd7 38. Bb4+ Kf7 39. a4 Rb8
40. Bb5 Nb6 41. Kc5 Ke7 42. a5 Nd7+ 43. Kc6+ Kd8 44. Bd6 Rc8+ 45. Kb7 Nc5+ 46.
Bxc5 Rxc5 47. Kb6 Rxd5 48. a6 Rxb5+ 49. Kxb5 Kc7 50. Kc5 h6 51. h4 h5 52. Kb5
Kb8 53. Kb6 Ka8 54. a7 1-0

[Event "Weekend Accademia Inverno"]
[Site "Roma ITA"]
[Date "2010.02.13"]
[Round "2"]
[White "Vuelban, Virgilio"]
[Black "Iandolo, Marco"]
[Result "1/2-1/2"]
[WhiteElo "2353"]
[BlackElo "1931"]
[PlyCount "50"]
[EventDate "2010.02.12"]

1. e4 d5 2. exd5 Nf6 3. d4 Bg4 4. Nf3 Qxd5 5. Be2 Nc6 6. c4 Qd7 7. Nc3 O-O-O 8.
d5 Bxf3 9. gxf3 Ne5 10. Qd4 Qf5 11. Qe3 e6 12. f4 Ned7 13. Qxa7 Bc5 14. Qa8+
Nb8 15. Be3 Bxe3 16. fxe3 exd5 17. O-O-O dxc4 18. Bf3 c6 19. Qa7 Rhe8 20. Na4
Qb5 21. Rxd8+ Rxd8 22. Be2 Kc7 23. b3 Qb4 24. Bxc4 Ne4 25. Kb1 25... Rd2 {...}
1/2-1/2

[Event "Weekend Accademia Inverno"]
[Site "Roma ITA"]
[Date "2010.02.13"]
[Round "2"]
[White "Wollenweber, Carsten"]
[Black "Condemi De Felice, Alfonso"]
[Result "1-0"]
[WhiteElo "2131"]
[BlackElo "1916"]
[PlyCount "37"]
[EventDate "2010.02.12"]

1. e4 g6 2. d4 Bg7 3. Nc3 Nc6 4. Nf3 d6 5. h3 Nf6 6. Bc4 O-O 7. O-O a6 8. a4
Nd7 9. Re1 Na5 10. Ba2 c5 11. dxc5 Nxc5 12. e5 Nc6 13. exd6 Qxd6 14. Nd5 e5 15.
Bg5 Kh8 16. Ne7 Qxd1 17. Raxd1 f6 18. Nxc6 fxg5 19. Ncxe5 1-0

[Event "Weekend Accademia Inverno"]
[Site "Roma ITA"]
[Date "2010.02.13"]
[Round "3"]
[White "Antonetti, Mattia"]
[Black "Pescatore, Lorenzo"]
[Result "0-1"]
[WhiteElo "1622"]
[BlackElo "1917"]
[PlyCount "80"]
[EventDate "2010.02.12"]

1. d4 Nf6 2. c3 e6 3. Bg5 h6 4. Bh4 b6 5. f3 d5 6. Nd2 Bb7 7. e4 g5 8. Bg3 dxe4
9. Be5 Nbd7 10. Qa4 exf3 11. Ngxf3 Bg7 12. Bb5 O-O 13. Bc6 Qc8 14. h3 Nxe5 15.
Nxe5 Bxc6 16. Qxc6 Nd5 17. O-O Bxe5 18. dxe5 Qe8 19. Qxe8 Raxe8 20. Ne4 Kg7 21.
Rf3 f5 22. Nd2 Rd8 23. Nb3 Nf4 24. Nd4 Rfe8 25. Nc6 Rd2 26. Rf2 Rd5 27. b4 a6
28. Kh2 Ng6 29. Re2 Ne7 30. Nd4 Kf7 31. a4 c5 32. Nb3 Nc6 33. b5 axb5 34. axb5
Nxe5 35. Ra7+ Re7 36. Ra4 Ng6 37. Ra6 Rb7 38. Nd2 Ne5 39. c4 Rd3 40. Nb1 Nxc4
0-1